[Event "HUN-ch Rapid 2018"]
[Site "Ajka"]
[Date "2018.07.22"]
[Round "11"]
[White "Papp, Gellert"]
[Black "Mihok, Oliver"]
[Result "0-1"]
[WhiteElo "2324"]
[BlackElo "2426"]
[Annotator "TA"]
[PlyCount "46"]
[EventDate "2018.07.20"]
[EventType "swiss"]
[EventCountry "HUN"]
[SourceTitle "playchess.com"]
[Source "ChessBase"]
[SourceQuality "1"]

{[%evp 28,46,38,31,40,46,29,41,58,56,62,39,67,70,53,67,328,303,437,415,425]} 1. e4 e5 2. Nf3 Nc6 3. Bb5 {[%cal Bf1b5,Bb5a4,Ba4b3,Bb3c2][%mdl 32]} a6 4. Ba4 Nf6 5. O-O Be7 6. Re1 b5 7. Bb3 d6 8. c3 O-O 9. h3 a5 10. d4 a4 11. Bc2 Bd7 12. Nbd2 {[%cal Bb1d2,Bd2f1,Bf1g3][%mdl 32]} Re8 {C92: Closed Ruy Lopez: 9...Be6, Karpov and Flohr-Zaitsev Variations} 13. Nf1 Bf8 14. Ng3 h6 15. Be3 {LiveBook: 8 Games} Na5 16. b3 axb3 17. axb3 c5 18. d5 Qc7 19. Nh2 $146 ({Predecessor:} 19. Nd2 g6 20. Qe2 {0-1 (56) Van Haastert,E (2440)-Nikolic,P (2636) Leiden 2012}) 19... Reb8 20. f4 exf4 21. Bxf4 g5 $2 {[%mdl 8192] [#]} (21... c4 $14) 22. e5 $1 $18 {Hoping for Bxg5.} gxf4 (22... c4 {might work better.}) 23. exf6 {Qd3 would kill now.} c4 {[%mdl 32768] Loss on Time!?} ({Inferior is} 23... fxg3 24. Qd3 gxh2+ 25. Kxh2 Bf5 26. Qxf5 Bg7 27. Qh7+ Kf8 28. fxg7#) 0-1

[Event "HUN-ch Rapid 2018"]
[Site "Ajka"]
[Date "2018.07.22"]
[Round "11"]
[White "Martini, Balazs"]
[Black "Ruck, Robert"]
[Result "0-1"]
[WhiteElo "2295"]
[BlackElo "2570"]
[Annotator "TA"]
[PlyCount "36"]
[EventDate "2018.07.20"]
[EventType "swiss"]
[EventCountry "HUN"]
[SourceTitle "playchess.com"]
[Source "ChessBase"]
[SourceQuality "1"]

{[%evp 20,36,0,0,0,0,48,42,32,8,39,31,99,39,41,25,29,-8,12]} 1. d4 Nf6 2. Nf3 g6 3. Bf4 Bg7 4. e3 O-O 5. h3 c5 6. c3 d6 7. dxc5 {A48: Königsindisch (ohne c2-c4)} dxc5 8. Qxd8 Rxd8 9. Bc7 Rd7 10. Bh2 Rd8 11. Bc7 {LiveBook: 21 Partien} (11. Nbd2 Nc6 12. Bc4 b6 13. O-O-O Bb7 14. Rhe1 Nd7 {0-1 (55) Kramnik,V (2800)-Grischuk,A (2767) Moscow 2018}) 11... Rd7 12. Bh2 Nd5 13. Nbd2 Rd8 14. e4 Nb6 $146 ({Vorgänger:} 14... Nf6 15. a4 Bd7 16. Ne5 Be8 {0-1 (37) Hoffman,A (2450)-Casafus,R (2405) Villa Ballester 1993}) 15. a4 Nc6 (15... Bd7 $14) 16. Bb5 ({Günstiger ist} 16. a5 $16 Nd7 17. Nb3) 16... Na5 $14 17. Bc7 Rf8 18. Rc1 Be6 {[%mdl 32768] Loss on Time!?} 0-1

[Event "HUN-ch Rapid 2018"]
[Site "Ajka"]
[Date "2018.07.22"]
[Round "11"]
[White "Szelenyi, Norbert"]
[Black "Bagi, Mate"]
[Result "0-1"]
[WhiteElo "2284"]
[BlackElo "2394"]
[Annotator "NA"]
[PlyCount "36"]
[EventDate "2018.07.20"]
[EventType "swiss"]
[EventCountry "HUN"]
[SourceTitle "playchess.com"]
[Source "ChessBase"]
[SourceQuality "1"]
[TimeControl "1200+5"]

1. b3 {[%emt 0:00:06]} e5 {[%emt 0:00:16]} 2. Bb2 {[%emt 0:00:02]} Nc6 {[%emt 0:00:06]} 3. e3 {[%emt 0:00:02]} Nf6 {[%emt 0:00:21]} 4. Bb5 {[%emt 0:00:18]} Bd6 {[%emt 0:00:29]} 5. Ne2 {[%emt 0:00:58]} a6 {[%emt 0:00:23]} 6. Bxc6 {[%emt 0:00:04]} dxc6 {[%emt 0:00:02]} 7. d4 {[%emt 0:00:23]} e4 {[%emt 0:00:18]} 8. c4 {[%emt 0:00:44]} O-O {[%emt 0:00:38]} 9. Ba3 {[%emt 0:00:23]} Re8 {[%emt 0:01:47]} 10. Bxd6 {[%emt 0:00:07]} cxd6 {[%emt 0:00:06]} 11. Nbc3 {[%emt 0:00:20]} Qa5 {[%emt 0:00:49]} 12. Qd2 {[%emt 0:02:02]} Qg5 {[%emt 0:00:37]} 13. Nf4 {[%emt 0:00:11]} b5 {[%emt 0:00:27]} 14. Qe2 {[%emt 0:04:32]} Rb8 {[%emt 0:01:46]} 15. Rc1 {[%emt 0:00:14]} Bg4 {[%emt 0:01:44]} 16. Qc2 {[%emt 0:00:41]} bxc4 {[%emt 0:00:27]} 17. bxc4 {[%emt 0:00:02]} Rb4 {[%emt 0:00:20]} 18. h3 {[%emt 0:01:28]} Bc8 {[%emt 0:00:59]} 0-1

[Event "HUN-ch Rapid 2018"]
[Site "Ajka"]
[Date "2018.07.22"]
[Round "11"]
[White "Egresi, Mate"]
[Black "Vertetics, Attila"]
[Result "0-1"]
[WhiteElo "2280"]
[BlackElo "2506"]
[Annotator "TA"]
[PlyCount "51"]
[EventDate "2018.07.20"]
[EventType "swiss"]
[EventCountry "HUN"]
[SourceTitle "playchess.com"]
[Source "ChessBase"]
[SourceQuality "1"]

{[%evp 27,51,25,34,12,14,14,14,14,15,14,8,-7,0,0,0,-57,-64,-60,-55,-39,-51,-120,-120,-131,-107,-268]} 1. d4 Nf6 2. c4 e6 3. Nf3 Bb4+ 4. Bd2 Qe7 5. g3 O-O 6. Bg2 Bxd2+ 7. Qxd2 d6 8. Nc3 Re8 9. O-O e5 10. e4 Bg4 11. Ne1 Nc6 12. Nc2 {E11: Bogo-Indian} Nxd4 13. Nxd4 exd4 14. Qxd4 Qe5 {LiveBook: 13 Games} 15. Qxe5 (15. Qd3 Qh5 16. f3 Bh3 17. Qd4 Bxg2 18. Kxg2 Qe5 19. Rfd1 Qxd4 20. Rxd4 Nd7 21. Nd5 Rac8 22. Rad1 Kf8 23. Kf2 Ne5 24. Ne3 a5 25. Rc1 b6 26. Nd5 {½-½ (26) Mchedlishvili,M (2635)-Shanava,K (2521) Tbilisi 2008}) 15... dxe5 16. Nd5 Rac8 17. Nxf6+ gxf6 18. f3 Be6 19. c5 $146 ({Predecessor:} 19. b3 Rcd8 20. Rad1 c5 21. Kf2 Rd4 22. Ke3 Red8 23. Rxd4 cxd4+ 24. Kd3 Rc8 25. a4 {½-½ (25) Genzmann,M (2307)-Schuchardt,G (2237) GER email 2000}) 19... Red8 20. Rfd1 b6 21. b4 (21. Bf1 $11) 21... bxc5 $15 22. bxc5 Rb8 23. Rxd8+ Rxd8 24. Rb1 {[#]} (24. a4 $15) 24... a5 $1 $17 ({Of course not} 24... Bxa2 $6 25. Rb7 $11) 25. Bf1 Bxa2 26. Rb7 $2 (26. Ra1 $17 Rd2 27. Bb5) 0-1

[Event "HUN-ch Rapid 2018"]
[Site "Ajka"]
[Date "2018.07.22"]
[Round "11"]
[White "Laszlo, Janos"]
[Black "Kiss, Pal"]
[Result "1/2-1/2"]
[WhiteElo "2273"]
[BlackElo "2356"]
[Annotator "NA"]
[PlyCount "33"]
[EventDate "2018.07.20"]
[EventType "swiss"]
[EventCountry "HUN"]
[SourceTitle "playchess.com"]
[Source "ChessBase"]
[SourceQuality "1"]
[TimeControl "1200+5"]

1. c4 {[%emt 0:00:03]} e6 {[%emt 0:00:50]} 2. d4 {[%emt 0:00:22]} d5 {[%emt 0:00:04]} 3. Nc3 {[%emt 0:00:11]} c6 {[%emt 0:00:24]} 4. e3 {[%emt 0:00:21]} Nf6 {[%emt 0:00:04]} 5. Nf3 {[%emt 0:00:02]} Nbd7 {[%emt 0:00:09]} 6. Bd3 {[%emt 0:00:04]} dxc4 {[%emt 0:00:12]} 7. Bxc4 {[%emt 0:00:02]} b5 {[%emt 0:00:26]} 8. Bb3 {[%emt 0:00:03]} b4 {[%emt 0:00:49]} 9. Ne2 {[%emt 0:00:04]} Bd6 {[%emt 0:00:08]} 10. O-O {[%emt 0:00:14]} O-O {[%emt 0:00:07]} 11. Re1 {[%emt 0:01:05]} Bb7 {[%emt 0:00:28]} 12. Ng3 {[%emt 0:02:23]} c5 {[%emt 0:00:49]} 13. Bd2 {[%emt 0:00:37]} a5 {[%emt 0:02:11]} 14. Rc1 {[%emt 0:01:05]} Qb6 {[%emt 0:00:24]} 15. dxc5 {[%emt 0:04:32]} Nxc5 {[%emt 0:00:19]} 16. Bc4 {[%emt 0:00:30]} Rfd8 {[%emt 0:01:10]} 17. Qe2 {[%emt 0:01:27]} 1/2-1/2

[Event "HUN-ch Rapid 2018"]
[Site "Ajka"]
[Date "2018.07.22"]
[Round "11"]
[White "Teglas, Balazs"]
[Black "Hajnal, Zoltan"]
[Result "1-0"]
[WhiteElo "2201"]
[BlackElo "2357"]
[Annotator "NA"]
[PlyCount "52"]
[EventDate "2018.07.20"]
[EventType "swiss"]
[EventCountry "HUN"]
[SourceTitle "playchess.com"]
[Source "ChessBase"]
[SourceQuality "1"]
[TimeControl "1200+5"]

1. e4 {[%emt 0:01:36]} e5 {[%emt 0:00:08]} 2. Nc3 {[%emt 0:00:02]} Nc6 {[%emt 0:00:05]} 3. Bc4 {[%emt 0:00:02]} Nf6 {[%emt 0:00:11]} 4. d3 {[%emt 0:00:01]} Na5 {[%emt 0:00:07]} 5. Bb3 {[%emt 0:00:24]} Bb4 {[%emt 0:00:19]} 6. Nge2 {[%emt 0:00:17]} Nxb3 {[%emt 0:00:22]} 7. axb3 {[%emt 0:00:01]} d5 {[%emt 0:00:01]} 8. exd5 {[%emt 0:00:02]} Nxd5 {[%emt 0:00:02]} 9. O-O {[%emt 0:00:04]} O-O {[%emt 0:00:07]} 10. Bd2 {[%emt 0:00:18]} Be7 {[%emt 0:01:26]} 11. Nxd5 {[%emt 0:00:14]} Qxd5 {[%emt 0:00:01]} 12. Nc3 {[%emt 0:00:03]} Qc6 {[%emt 0:00:27]} 13. Qe2 {[%emt 0:00:15]} f6 {[%emt 0:00:28]} 14. Qe4 {[%emt 0:00:18]} Qxe4 {[%emt 0:00:13]} 15. dxe4 {[%emt 0:00:01]} c6 {[%emt 0:00:02]} 16. Be3 {[%emt 0:00:03]} a6 {[%emt 0:00:07]} 17. Rfd1 {[%emt 0:00:17]} Be6 {[%emt 0:00:02]} 18. Bb6 {[%emt 0:00:04]} Rac8 {[%emt 0:00:12]} 19. Rd2 {[%emt 0:01:33]} Kf7 {[%emt 0:00:19]} 20. Be3 {[%emt 0:01:57]} g6 {[%emt 0:00:25]} 21. Rad1 {[%emt 0:00:11]} f5 {[%emt 0:02:55]} 22. f3 {[%emt 0:00:53]} f4 {[%emt 0:00:46]} 23. Bb6 {[%emt 0:01:30]} g5 {[%emt 0:00:06]} 24. Kf2 {[%emt 0:00:44]} h5 {[%emt 0:00:30]} 25. Na4 {[%emt 0:03:50]} c5 {[%emt 0:00:08]} 26. c4 {[%emt 0:00:07]} g4 {[%emt 0:00:09]} 1-0

[Event "HUN-ch Rapid 2018"]
[Site "Ajka"]
[Date "2018.07.22"]
[Round "11"]
[White "Varga, Klara"]
[Black "Hoang, Thanh Trang"]
[Result "1-0"]
[WhiteElo "2183"]
[BlackElo "2351"]
[Annotator "NA"]
[PlyCount "38"]
[EventDate "2018.07.20"]
[EventType "swiss"]
[EventCountry "HUN"]
[SourceTitle "playchess.com"]
[Source "ChessBase"]
[SourceQuality "1"]
[TimeControl "1200+5"]

1. c4 {[%emt 0:00:02]} f5 {[%emt 0:00:12]} 2. Nc3 {[%emt 0:00:06]} Nf6 {[%emt 0:00:04]} 3. g3 {[%emt 0:00:06]} g6 {[%emt 0:00:07]} 4. Bg2 {[%emt 0:00:01]} Bg7 {[%emt 0:00:04]} 5. d3 {[%emt 0:00:02]} d6 {[%emt 0:00:29]} 6. e4 {[%emt 0:00:03]} Nc6 {[%emt 0:00:13]} 7. Nge2 {[%emt 0:00:02]} e5 {[%emt 0:00:07]} 8. O-O {[%emt 0:00:05]} O-O {[%emt 0:00:07]} 9. Nd5 {[%emt 0:00:03]} Be6 {[%emt 0:00:32]} 10. Be3 {[%emt 0:00:14]} Qd7 {[%emt 0:00:24]} 11. Qd2 {[%emt 0:02:35]} Ng4 {[%emt 0:02:06]} 12. Rae1 {[%emt 0:01:57]} fxe4 {[%emt 0:01:02]} 13. dxe4 {[%emt 0:00:21]} Nxe3 {[%emt 0:00:21]} 14. Qxe3 {[%emt 0:00:10]} Nd4 {[%emt 0:00:19]} 15. Nxd4 {[%emt 0:02:40]} exd4 {[%emt 0:00:11]} 16. Qd3 {[%emt 0:00:05]} Rae8 {[%emt 0:01:36]} 17. f4 {[%emt 0:01:39]} c6 {[%emt 0:01:47]} 18. Nb4 {[%emt 0:00:05]} Bg4 {[%emt 0:01:07]} 19. Kh1 {[%emt 0:02:44]} Rf7 {[%emt 0:00:48]} 1-0

[Event "HUN-ch Rapid 2018"]
[Site "Ajka"]
[Date "2018.07.22"]
[Round "11"]
[White "Gaal, Zsoka"]
[Black "Deak, Sandor"]
[Result "0-1"]
[WhiteElo "2044"]
[BlackElo "2335"]
[Annotator "NA"]
[PlyCount "30"]
[EventDate "2018.07.20"]
[EventType "swiss"]
[EventCountry "HUN"]
[SourceTitle "playchess.com"]
[Source "ChessBase"]
[SourceQuality "1"]
[TimeControl "1200+5"]

1. Nf3 {[%emt 0:00:03]} Nf6 {[%emt 0:00:19]} 2. g3 {[%emt 0:00:03]} g6 {[%emt 0:00:32]} 3. Bg2 {[%emt 0:00:01]} Bg7 {[%emt 0:00:02]} 4. d4 {[%emt 0:00:13]} O-O {[%emt 0:00:03]} 5. O-O {[%emt 0:00:02]} d6 {[%emt 0:00:40]} 6. b3 {[%emt 0:00:04]} e5 {[%emt 0:00:56]} 7. dxe5 {[%emt 0:00:11]} dxe5 {[%emt 0:00:04]} 8. Qxd8 {[%emt 0:00:57]} Rxd8 {[%emt 0:00:02]} 9. Bb2 {[%emt 0:00:03]} e4 {[%emt 0:00:22]} 10. Ng5 {[%emt 0:01:38]} Bf5 {[%emt 0:00:08]} 11. Nc3 {[%emt 0:01:30]} h6 {[%emt 0:03:11]} 12. Nh3 {[%emt 0:00:04]} Nc6 {[%emt 0:02:05]} 13. Rfd1 {[%emt 0:01:37]} e3 {[%emt 0:03:15]} 14. fxe3 {[%emt 0:06:14]} Bxc2 {[%emt 0:00:12]} 15. Rxd8+ {[%emt 0:00:04]} Rxd8 {[%emt 0:00:01]} 0-1

[Event "HUN-ch Rapid 2018"]
[Site "Ajka"]
[Date "2018.07.22"]
[Round "13"]
[White "Almasi, Zoltan"]
[Black "Gledura, Benjamin"]
[Result "1/2-1/2"]
[WhiteElo "2650"]
[BlackElo "2574"]
[Annotator "TA"]
[PlyCount "37"]
[EventDate "2018.07.20"]
[EventType "swiss"]
[EventCountry "HUN"]
[SourceTitle "playchess.com"]
[Source "ChessBase"]
[SourceQuality "1"]

{[%evp 20,37,15,1,38,20,51,0,19,-4,0,0,0,-4,0,-67,-30,-48,-45,-96]} 1. e4 e5 2. Nf3 Nc6 3. Bb5 {[%cal Bf1b5,Bb5a4,Ba4b3][%mdl 32]} a6 4. Ba4 Nf6 5. O-O Be7 6. d3 b5 7. Bb3 O-O 8. h3 {C84: Closed Ruy Lopez: Unusual White 6th moves} (8. a4 Bb7 9. Re1 d6 10. Nbd2 Qd7 11. Nf1 Nd8 12. Ng3 Ne6 13. Nf5 Bd8 14. Ng5 Nxg5 15. Bxg5 g6 16. Ne3 Ng4 17. Bxd8 Nxe3 18. Rxe3 Raxd8 19. axb5 axb5 {½-½ (29) Svidler,P (2760)-Efimenko,Z (2636) Germany 2018}) 8... Bb7 9. a3 d5 $146 ({Predecessor:} 9... h6 10. Be3 d6 11. c4 {½-½ (11) Salgado,C (1605)-Salgado Arcila,M (1330) Coliseo Menor 2011}) 10. exd5 Nxd5 11. Re1 {LiveBook: 3 Games} Bc5 12. Nbd2 Ba7 13. Nf1 f6 {[%cal Bf7f6,Bf6f5][%mdl 32]} 14. Be3 Kh8 15. Bxa7 Nxa7 16. d4 e4 17. N3h2 (17. Bxd5 $11 Qxd5 18. N3d2) 17... f5 18. Qd2 Qd6 19. f3 ({White should try} 19. Bxd5 $15 Bxd5 20. Ne3) 1/2-1/2

[Event "HUN-ch Rapid 2018"]
[Site "Ajka"]
[Date "2018.07.22"]
[Round "13"]
[White "Balog, Imre"]
[Black "Prohaszka, Peter"]
[Result "1-0"]
[WhiteElo "2613"]
[BlackElo "2593"]
[Annotator "TA"]
[PlyCount "97"]
[EventDate "2018.07.20"]
[EventType "swiss"]
[EventCountry "HUN"]
[SourceTitle "playchess.com"]
[Source "ChessBase"]
[SourceQuality "1"]

{[%evp 12,97,-10,-27,15,0,0,0,0,0,0,-21,-20,-17,-14,-16,0,0,5,0,13,11,82,82,101,85,239,103,238,190,198,152,165,156,246,230,258,160,178,139,131,116,122,99,115,25,125,0,0,0,41,41,36,35,64,64,65,65,65,77,312,307,285,271,395,239,231,208,550,550,538,520,530,491,568,570,580,573,689,645,806,771,765,740,1972,1855,1600,1912]} 1. d4 d5 2. Nf3 Nf6 3. c4 e6 4. g3 dxc4 5. Qa4+ Nbd7 6. Qxc4 {E01: Catalan: Early deviations} (6. Bg2 a6 7. Nc3 Rb8 8. Qxc4 b5 9. Qd3 Bb7 10. Bf4 Rc8 11. O-O c5 12. dxc5 Bxc5 13. Ne5 Bxg2 14. Kxg2 Nxe5 15. Qxd8+ Kxd8 16. Bxe5 Ke7 17. Rfd1 Ng4 18. Bxg7 Nxf2 19. Bxh8 Nxd1 20. Rxd1 Rxh8 {½-½ (40) Grachev,B (2650)-Khismatullin,D (2639) Moscow 2017}) 6... a6 7. Bf4 {LiveBook: 6 Games} Bd6 (7... c5 {seems wilder.} 8. Bg2 b5 9. Qd3 Bb7 10. O-O Rc8) 8. Bg2 {The position is equal.} Bxf4 9. gxf4 b5 10. Qc2 $146 ({Predecessor:} 10. Qc6 Rb8 11. Nbd2 Bb7 12. Qc2 O-O 13. a3 Nd5 14. e3 {1-0 (39) Rubinetti,J-Juarez,C Mar del Plata (Hotel Nogaró) 1971}) 10... Bb7 11. O-O Rc8 12. b4 Nd5 13. Qd2 $1 h6 14. Nc3 Nxc3 15. Qxc3 Nf6 16. Ne5 Nd5 (16... Bxg2 $11 17. Kxg2 Nd5 18. Qc6+ Kf8) 17. Qg3 $16 Qf6 18. Rfe1 Rg8 $2 (18... g5 $16) 19. Rad1 (19. e4 $18 {is more deadly.} Ne7 20. Rac1) 19... Ba8 (19... g5 $16) 20. Bxd5 exd5 21. Rd3 Qf5 22. Rc1 g5 (22... Kf8 $16 23. Qh3 Qxh3 24. Rxh3 Ke7) 23. Rf3 $18 f6 24. Nd3 g4 25. Re3+ Kf7 26. Kf1 h5 27. Ke1 c6 {[#]} 28. Nc5 (28. Kd2 $1 $16) 28... Rh8 (28... h4 $1 $11 {keeps the balance.} 29. Qxh4 Rh8) 29. Re6 ({White should play} 29. h3 $16) 29... h4 $1 $11 {[%cal Rh4g3]} 30. Qe3 Rce8 31. Rxe8 Rxe8 32. Qd3 $36 {[%mdl 2048] White has good play.} Kg6 33. Kd2 Qxd3+ 34. Kxd3 $14 {[%mdl 4096] Endgame KRB-KRN} Kf5 35. e3 g3 $2 (35... Re7 $16) 36. hxg3 $18 ({Much less strong is} 36. fxg3 $6 hxg3 37. hxg3 Kg4 $18) 36... hxg3 37. fxg3 Kg4 (37... Rh8 {was necessary.} 38. a4 (38. Nxa6 Rh2 $16) 38... bxa4) 38. e4 dxe4+ 39. Nxe4 Kf3 $2 (39... Rf8 {is a better chance.} 40. Nc5 Rh8) 40. Rf1+ {White is clearly winning.} Kg2 41. Rf2+ Kg1 {[#] Hoping for ...Rxe4.} 42. Re2 f5 43. Nd6 $1 {[%csl LRe8,LRf5]} Rf8 44. Re5 Kf2 45. Rxf5 Rh8 46. Re5 Kxg3 47. f5 {[%cal Bf4f5,Bf5f6][%mdl 32]} Kf4 48. f6 Rh3+ 49. Kd2 {Precision: White = 59%, Black = 29%.} 1-0

[Event "HUN-ch Rapid 2018"]
[Site "Ajka"]
[Date "2018.07.22"]
[Round "13"]
[White "Banusz, Tamas"]
[Black "Bagi, Mate"]
[Result "1-0"]
[WhiteElo "2592"]
[BlackElo "2394"]
[Annotator "ChessBase"]
[PlyCount "99"]
[EventDate "2018.07.20"]
[EventType "swiss"]
[EventCountry "HUN"]
[SourceTitle "playchess.com"]
[Source "ChessBase"]
[SourceQuality "1"]
[TimeControl "1200+5"]

1. Nf3 {[%emt 0:00:02]} c5 {[%emt 0:00:16]} 2. c4 {[%emt 0:00:05]} Nc6 {[%emt 0:00:02]} 3. d4 {[%emt 0:00:04]} cxd4 {[%emt 0:00:05]} 4. Nxd4 {[%emt 0:00:01]} e5 {[%emt 0:00:27]} 5. Nb5 {[%emt 0:00:10]} d6 {[%emt 0:00:03]} 6. N1c3 {[%emt 0:00:06]} a6 {[%emt 0:00:07]} 7. Na3 {[%emt 0:00:01]} Nf6 {[%emt 0:00:53]} 8. g3 {[%emt 0:00:08]} Be7 {[%emt 0:00:33]} 9. Bg2 {[%emt 0:00:02]} O-O {[%emt 0:00:03]} 10. O-O {[%emt 0:00:04]} Bg4 {[%emt 0:00:22]} 11. Nc2 {[%emt 0:00:24]} Qd7 {[%emt 0:00:33]} 12. Ne3 {[%emt 0:00:17]} Bh3 {[%emt 0:00:09]} 13. Ned5 {[%emt 0:00:04]} Bxg2 {[%emt 0:00:22]} 14. Kxg2 {[%emt 0:00:02]} Nxd5 {[%emt 0:00:35]} 15. Nxd5 {[%emt 0:00:04]} Rae8 {[%emt 0:00:33]} 16. b3 {[%emt 0:00:47]} f5 {[%emt 0:00:41]} 17. Ba3 {[%emt 0:01:12]} Rd8 {[%emt 0:00:20]} 18. e3 {[%emt 0:00:20]} Qe6 {[%emt 0:00:45]} 19. Qd2 {[%emt 0:00:32]} Rf7 {[%emt 0:01:28]} 20. Rad1 {[%emt 0:01:31]} Bf8 {[%emt 0:00:54]} 21. f3 {[%emt 0:00:13]} h5 {[%emt 0:00:46]} 22. h4 {[%emt 0:00:37]} g6 {[%emt 0:00:07]} 23. Bb2 {[%emt 0:00:31]} Bh6 {[%emt 0:00:40]} 24. f4 {[%emt 0:00:13]} Bg7 {[%emt 0:00:12]} 25. a4 {[%emt 0:00:08]} Rfd7 {[%emt 0:02:08]} 26. Rfe1 {[%emt 0:00:24]} Ne7 {[%emt 0:00:11]} 27. Bc3 {[%emt 0:00:52]} Nxd5 {[%emt 0:00:33]} 28. Qxd5 {[%emt 0:00:02]} Qxd5+ {[%emt 0:00:32]} 29. Rxd5 {[%emt 0:00:01]} Kf7 {[%emt 0:00:13]} 30. e4 {[%emt 0:00:31]} fxe4 {[%emt 0:00:51]} 31. Rxe4 {[%emt 0:00:03]} exf4 {[%emt 0:00:07]} 32. Rxf4+ {[%emt 0:00:13]} Kg8 {[%emt 0:00:01]} 33. Bxg7 {[%emt 0:00:55]} Kxg7 {[%emt 0:00:02]} 34. Rfd4 {[%emt 0:00:11]} Kf6 {[%emt 0:00:52]} 35. Kf3 {[%emt 0:00:05]} b6 {[%emt 0:01:30]} 36. g4 {[%emt 0:00:21]} hxg4+ {[%emt 0:00:10]} 37. Kxg4 {[%emt 0:00:01]} Kf7 {[%emt 0:01:15]} 38. Kg5 {[%emt 0:00:22]} Kg7 {[%emt 0:00:09]} 39. b4 {[%emt 0:00:33]} Re7 {[%emt 0:02:26]} 40. Rxd6 {[%emt 0:00:18]} Re5+ {[%emt 0:00:01]} 41. Kf4 {[%emt 0:01:11]} Rf5+ {[%emt 0:00:02]} 42. Ke3 {[%emt 0:00:19]} Re5+ {[%emt 0:00:35]} 43. Kd3 {[%emt 0:00:12]} Rf8 {[%emt 0:00:02]} 44. Rg4 {[%emt 0:00:24]} Rf6 {[%emt 0:00:12]} 45. Rxf6 {[%emt 0:00:11]} Kxf6 {[%emt 0:00:01]} 46. Rf4+ {[%emt 0:00:03]} Kg7 {[%emt 0:00:11]} 47. Kd4 {[%emt 0:00:02]} Re1 {[%emt 0:00:17]} 48. c5 {[%emt 0:00:10]} Rb1 {[%emt 0:00:21]} 49. Kd5 {[%emt 0:00:09]} a5 {[%emt 0:00:19]} 50. cxb6 1-0

[Event "HUN-ch Rapid 2018"]
[Site "Ajka"]
[Date "2018.07.22"]
[Round "13"]
[White "Papp, Gabor"]
[Black "Ruck, Robert"]
[Result "1/2-1/2"]
[WhiteElo "2574"]
[BlackElo "2570"]
[Annotator "TA"]
[PlyCount "31"]
[EventDate "2018.07.20"]
[EventType "swiss"]
[EventCountry "HUN"]
[SourceTitle "playchess.com"]
[Source "ChessBase"]
[SourceQuality "1"]

{[%evp 19,31,27,33,-6,12,10,12,-12,-15,-19,-18,-17,-16,-15]} 1. e4 Nf6 2. Nc3 e5 3. Nf3 Bb4 4. Nxe5 O-O 5. Nd3 Bxc3 6. dxc3 Nxe4 7. Be2 Re8 8. O-O d6 9. Nf4 Nd7 10. Be3 Ne5 {LiveBook: 6 Partien. C42: Russische Verteidigung (Petrow)} (10... Ndc5 11. Re1 Ne6 12. Bd3 Nxf4 13. Bxf4 Nc5 14. Bg5 Rxe1+ 15. Qxe1 f6 16. Be3 Nxd3 17. cxd3 Bf5 18. Qd2 {0-1 (42) Ning,C (2288)-Ni,S (2427) Hangzhou 2018}) 11. Bd3 Nf6 $146 {Die Stellung ist ausgeglichen.} ({Vorgänger:} 11... Nxd3 12. cxd3 Nf6 13. Qf3 Ng4 14. h3 Nxe3 15. fxe3 c6 16. Nh5 Qe7 17. e4 f6 18. Qg3 {½-½ (50) Trois,F-Jones,I Skopje 1972}) 12. h3 Bd7 13. Nh5 Nxh5 14. Qxh5 Nxd3 15. cxd3 Qf6 16. Rfe1 1/2-1/2

[Event "HUN-ch Rapid 2018"]
[Site "Ajka"]
[Date "2018.07.22"]
[Round "13"]
[White "Medvegy, Zoltan"]
[Black "Horvath, Peter"]
[Result "1/2-1/2"]
[WhiteElo "2542"]
[BlackElo "2438"]
[Annotator "TA"]
[PlyCount "81"]
[EventDate "2018.07.20"]
[EventType "swiss"]
[EventCountry "HUN"]
[SourceTitle "playchess.com"]
[Source "ChessBase"]
[SourceQuality "1"]

{[%evp 21,81,-20,3,-63,-67,-44,-56,-56,-55,-67,-29,-245,-243,-207,-221,-247,-137,-99,-68,-104,-64,-20,-13,-180,-156,-156,-155,-142,-83,-73,0,-75,-70,-179,-52,-60,-54,-106,-103,-106,-106,-106,-108,-111,-102,-100,-31,-45,-3,-81,-81,-81,-81,-81,-82,-81,-82,-82,0,-2,-6,0]} 1. c4 e6 2. g3 d5 3. Nf3 Nf6 4. Bg2 d4 5. O-O c5 6. e3 Nc6 7. exd4 cxd4 8. d3 Be7 9. Re1 O-O 10. b3 Nd7 11. Ba3 {A14: English Opening: 1...e6 with b3 by White} e5 {LiveBook: 6 Games} (11... Re8 12. Bxe7 Rxe7 13. a3 a5 14. Nbd2 Nc5 15. Ne4 Nxe4 16. Rxe4 e5 17. Re1 Bg4 18. h3 Bh5 {½-½ (36) Aronian,L (2799)-Nakamura,H (2792) Saint Louis 2017}) 12. Qc1 (12. Bxe7 $11 Qxe7 13. a3) 12... f6 $15 13. c5 $146 {Black is slightly better.} ({Predecessor:} 13. Bxe7 Qxe7 14. a3 Nc5 15. Qc2 Bf5 16. Bf1 a5 17. Nbd2 Ra7 18. Rab1 Rfa8 {1-0 (36) Bonazzi,E (2102)-Cordi,D (2002) Milan 2014}) 13... Kh8 14. Nbd2 a5 15. Ne4 Nb4 16. Qc4 $2 {[#]} (16. Bxb4 $1 $11 axb4 17. a3) 16... b5 $1 $19 {[%cal Rb5c4][%mdl 512]} 17. Qxb5 Ba6 {[%cal Bc8a6,Ba6d3,Bd3e4][%mdl 32]} 18. Qa4 Nxd3 ({Don't play} 18... Bxd3 19. Bxb4 axb4 20. Qxb4) (18... Rb8 $19 {...Bb5 is the strong threat.} 19. Bxb4 (19. c6 $2 Bb5 $19) 19... Rxb4) 19. c6 $17 Bxa3 20. Qxa3 Nxe1 21. Rxe1 Nb6 22. Qxa5 $2 (22. Nc5 $1 $11 {and White is okay.} Bc8 23. Nb7 Bxb7 24. cxb7) 22... Bd3 $1 $19 23. Qd2 Bxe4 $1 24. Rxe4 Nd5 (24... Rc8 $142 25. Rg4 f5) 25. Nxd4 $17 {[#]} Ne7 (25... Nc7 $1 $17 26. Nf3 Qxd2 27. Nxd2 Rxa2) 26. c7 {[#]} (26. Qe1 $11 Re8 27. Nc2 (27. Ne6 $2 Qd6 $19)) 26... Qd7 $1 27. Qb4 (27. Qe2 $15 Qxc7 28. Qe1) 27... Rac8 (27... Rxa2 $19 28. Nb5 Ra1+ 29. Bf1 Qd1) 28. Nb5 Nd5 $1 {[%csl LRb4,LRc7]} 29. Qc5 (29. Qd6 $15 Qxb5 30. Rc4 Nxc7 31. Rxc7) 29... Nxc7 30. Nxc7 Qxc7 31. Qxc7 Rxc7 {[%mdl 4096] Endgame KRR-KRB} 32. Bf1 Rc2 33. a4 Rd8 ({Better is} 33... Ra2 $17) 34. a5 $15 Rd1 {And now ...Rcc1 would win.} 35. Ra4 (35. Kg2 $11 {keeps the balance.}) 35... Rcc1 $17 36. a6 {Black must now prevent a7.} Rxf1+ 37. Kg2 Rg1+ 38. Kh3 Rc8 {Strongly threatening ...Kg8.} 39. a7 h6 ({Black should play} 39... Ra8 $17 40. Rb4 Rd1) 40. a8=Q Rxa8 41. Rxa8+ {Precision: White = 24%, Black = 43%.} 1/2-1/2